| 000 | 01065nam a2200241 a 4500 | ||
|---|---|---|---|
| 001 | 000042846 | ||
| 005 | 20250716133206.0 | ||
| 008 | 140211s2004 dr ac 000 0 spa d | ||
| 040 |
_aDO-SdBNP _bspa _cBNPHU |
||
| 082 |
_a302.14 _bR426c |
||
| 110 | 1 |
_aRepública Dominicana. _bPresidencia de la República. _bDirección General de Desarrollo de la Comunidad _970229 |
|
| 245 | 1 | 0 |
_a4 años de gestión : _baportes de la DGDC al desarrollo comunitario, agosto 2000-mayo 2004. |
| 246 | 1 | 3 | _aAportes de la DGDC al desarrollo comunitario, agosto 2000-mayo 2004 |
| 260 |
_aSanto Domingo : _bDGDC, _c2004. |
||
| 300 |
_a[180] p. : _bil., retrs. ; _c28 cm. |
||
| 590 | _aInventariado, 2018/BT | ||
| 650 | 4 |
_aParticipación comunitaria _zRepública Dominicana _953756 |
|
| 650 | 0 |
_a Acción social _99289 |
|
| 650 | 4 |
_aDesarrollo de la comunidad _zRepública Dominicana _92533 |
|
| 650 | 2 | 4 |
_aDesarrollo económico comunitario _zRepública Dominicana _970230 |
| 650 | 2 | 4 |
_aSostenibilidad comunitaria _zRepública Dominicana _970231 |
| 910 | _aValidado. Control de calidad. EMS | ||
| 999 |
_c42335 _d42335 |
||